Statistics for Florida State Quiz

Click here to take the quiz!

General Stats

  • This quiz has been taken 65 times
  • The average score is 9 of 18

Answer Stats

Hint Answer % Correct
Second largest cityMiami
94%
Fifth largest cityOrlando
88%
Third largest cityTampa
88%
Largest cityJacksonville
88%
CapitalTallahassee
85%
Large Wetland NPEverglades National Park
68%
City across old Tampa Bay from aboveSt. Petersburg
59%
NP south of miamiBiscayne National Park
53%
Above is on what bay?Biscayne Bay
53%
Lake south of the aboveLake Okeechobee
53%
Above is on what riverSt. Johns River
35%
Largest Florida KeyKey Largo
35%
NP off the Florida KeysDry Tortugas National Park
21%
Sixth largest cityHialeah
15%
Third longest riverSuwannee River
12%
Highest PointBritton Hill
12%
River between Okeechobee and Ft MyersCaloosahatchee River
9%
Above is in what group of hillsFlorida Ridge Hills
3%

Score Distribution

Percentile by Number Answered

Percent of People with Each Score

Your Score History

You have not taken this quiz